Buffy Episode Titles Quiz - Statistics

General Stats
  • This quiz has been taken 293 times
  • The average score is 83 of 144
Answer Stats
Season Episode Answer % Correct
Season 1 1 Welcome to the Hellmouth
97%
2 The Harvest
88%
7 Angel
86%
6 Halloween
85%
7 Once More, with Feeling
85%
12 Prophecy Girl
85%
Season 3 1 Anne
84%
8 I, Robot... You, Jane
84%
3 Witch
84%
4 Teacher's Pet
82%
6 The Pack
82%
10 Hush
79%
16 The Body
79%
Season 2 1 When She Was Bad
78%
8 Tabula Rasa
76%
9 The Puppet Show
76%
21 Becoming: Part 1
75%
22 Becoming: Part 2
75%
21 Graduation Day: Part 1
74%
22 Graduation Day: Part 2
74%
4 Inca Mummy Girl
74%
Season 4 1 The Freshman
74%
14 Bad Girls
73%
22 The Gift
73%
12 Bad Eggs
72%
14 Innocence
72%
11 Out of Mind, Out of Sight
72%
20 The Prom
72%
Season 5 1 Buffy vs. Dracula
71%
10 Nightmares
71%
17 Passion
71%
22 Chosen
70%
20 Go Fish
70%
5 Never Kill a Boy on the First Date
70%
3 School Hard
69%
3 Faith, Hope & Trick
68%
13 Surprise
68%
9 What's My Line?: Part 1
68%
10 What's My Line?: Part 2
68%
19 Seeing Red
67%
7 The Initiative
67%
5 Beer Bad
66%
11 Ted
66%
9 The Wish
66%
7 Lie to Me
65%
5 Reptile Boy
65%
9 Something Blue
65%
6 Band Candy
63%
Season 6 1 Bargaining: Part 1
63%
22 Restless
63%
2 Some Assembly Required
63%
20 The Yoko Factor
63%
2 Bargaining Part 2
62%
2 Dead Man's Party
62%
4 Help
62%
15 Consequences
61%
8 Lovers Walk
61%
15 Phases
60%
16 Doppelgangland
59%
12 Doublemeat Palace
59%
7 Fool for Love
59%
18 Killed by Death
59%
19 New Moon Rising
59%
9 Smashed
59%
8 The Dark Age
59%
10 Amends
58%
16 Bewitched, Bothered and Bewildered
58%
4 Fear Itself
58%
12 Helpless
58%
13 The Zeppo
58%
21 Two to Go
58%
14 Goodbye Iowa
57%
5 Homecoming
57%
8 Pangs
57%
14 Crush
56%
18 Dirty Girls
56%
18 Earshot
56%
22 Grave
56%
16 Hell's Bells
56%
19 I Only Have Eyes for You
56%
15 I Was Made to Love You
56%
21 Primeval
56%
12 Potential
55%
2 Real Me
55%
3 The Harsh Light of Day
55%
13 The I in Team
55%
7 Conversations with Dead People
54%
6 Him
54%
18 Where the Wild Things Are
54%
12 A New Man
53%
2 Living Conditions
53%
10 Wrecked
53%
17 Enemies
52%
6 Family
52%
11 Gingerbread
52%
7 Revelations
52%
16 Who Are You?
52%
19 Choices
50%
17 Lies My Parents Told Me
50%
20 Spiral
50%
15 This Year's Girl
50%
11 Triangle
50%
21 The Weight of the World
49%
3 After Life
48%
11 Gone
48%
5 Life Serial
47%
Season 4 17 Superstar
47%
4 Beauty and the Beasts
46%
6 Wild at Heart
46%
2 Beneath You
45%
17 Forever
45%
12 Checkpoint
44%
18 Entropy
44%
Season 7 1 Lessons
44%
8 Shadow
44%
13 Blood Ties
43%
10 Into the Woods
43%
4 Flooded
42%
18 Intervention
42%
4 Out of My Mind
42%
3 Same Time, Same Place
42%
3 The Replacement
42%
11 Doomed
41%
19 Empty Places
41%
21 End of Days
41%
14 First Date
41%
15 As You Were
40%
17 Normal Again
40%
5 Selfless
40%
20 Villains
40%
11 Showtime
38%
16 Storyteller
38%
20 Touched
38%
13 Dead Things
37%
6 All the Way
36%
8 Sleeper
36%
5 No Place Like Home
35%
14 Older and Far Away
35%
9 Listening to Fear
33%
13 The Killer in Me
32%
19 Tough Love
32%
10 Bring on the Night
31%
9 Never Leave Me
30%
15 Get It Done
29%
No matching quizzes found
Score Distribution
Percent of People with Each Score
Percentile by Number Answered
Your Score History
You have not taken this quiz